Mořská hvězda. VII. díl, Pod mlhou : verše pro tiché chvíle rozjímání, když déšť šumí svou píseň monotónní-- /

Hlavní autor: Schovancová, Běla, 1945-2019
Další autoři: Mertlová, Arana, 1938-2009
Jazyk: Čeština
Vydáno: V Praze : Knihař, 2010
Vydání: 1. vyd.
Témata:
Externí odkaz: Digitalizovaný dokument
Fyzický popis: 52 s. : il. ; 20 cm + báseň (1 l.)
Knihy
Uloženo v:
LEADER 01382nam a2200349 a 4500
001 nkc20102149072
003 CZ PrNK
005 20101216144123.0
007 ta
008 101108s2010 xr a g 000 p cze
015 |a cnb002149072 
020 |a 978-80-86292-39-7  |q (brož.) :  |c Kč 46,00 
035 |a (OCoLC)697267577 
040 |a OLA001  |b cze  |d ABA001 
072 7 |a 821.162.3-1  |x Česká poezie  |2 Konspekt  |9 25 
080 |a 821.162.3-1  |2 MRF 
080 |a (0:82-1)  |2 MRF 
100 1 |a Schovancová, Běla,  |d 1945-2019  |7 mzk2002160608  |4 aut  |4 ill 
245 1 0 |a Mořská hvězda.  |n VII. díl,  |p Pod mlhou : verše pro tiché chvíle rozjímání, když déšť šumí svou píseň monotónní-- /  |c [Běla Schovancová ; ilustrace Arana Mertlová & Běla Schovancová] 
246 3 0 |a Pod mlhou 
250 |a 1. vyd. 
260 |a V Praze :  |b Knihař,  |c 2010 
300 |a 52 s. :  |b il. ;  |c 20 cm +  |e báseň (1 l.) 
655 7 |a česká poezie  |7 fd133958  |2 czenas 
655 9 |a Czech poetry  |2 eczenas 
700 1 |a Mertlová, Arana,  |d 1938-2009  |7 xx0007806  |4 ill 
856 4 1 |u http://www.digitalniknihovna.cz/mzk/uuid/uuid:4765dd80-f1f1-11e7-8226-005056827e52  |y Digitalizovaný dokument  |x NDK 
910 2 |a BOA001  |b 2-1252.844,7 
990 |a BK 
995 |a 01 
991 |b 201012  |e b 
996 6 |b 2610453617  |c 2-1252.844,7  |l MZK  |r Sklad / do 1 hodiny  |n 0  |p p.v.  |w 001157070  |u 000010  |a 1  |e BOA001  |j MZK50  |s P